Populačný vývoj Slovenska - ako ďalej?

Nové charakteristické črty populačného vývoja na Slovensku. Starnutie, jeho záporné i kladné stránky. Rôzne pohľady a prístupy k riešeniu problémov v súvislosti s nepriaznivým populačným vývojom.

Salvato in:
Dettagli Bibliografici
Autore principale: Finková, Zuzana
Natura: Capitolo di libro
Lingua:slovacco
Soggetti:
Tags: Aggiungi Tag
Nessun Tag, puoi essere il primo ad aggiungerne!!

MARC

LEADER 00000naa$a2200000$$$4500
001 0068138
005 20240502071824.4
041 0 |a slo 
044 |a SK 
245 1 0 |a Populačný vývoj Slovenska - ako ďalej?  |c Zuzana Finková 
520 |a Nové charakteristické črty populačného vývoja na Slovensku. Starnutie, jeho záporné i kladné stránky. Rôzne pohľady a prístupy k riešeniu problémov v súvislosti s nepriaznivým populačným vývojom. 
610 2 0 |a starnutie populácie 
610 2 0 |a Slovensko 
610 2 0 |a vývoj populačný 
610 2 0 |a imigrácia 
100 1 |a Finková, Zuzana